000 01454nam a2200361 i 4500
001 000026828
003 DO-SdBNP
005 20240422101417.0
007 ta
008 110325s1975 dr a 000 | spa d
040 _aDO-SdBNP
_bspa
_cBNPHU
_erda
049 _aBNPD
082 4 _a972.9305
_bW449v, 1975
_222
100 1 _aWelles, Benjamin Sumner,
_d1892-1961.
_931871
_eautor
240 1 0 _aNaboths Vineyard: the Dominican Republic 1844-1924
_lespañol
245 1 3 _aLa viña de Naboth /
_cSumner Welles ; prólogo y traducción Manfredo A. Moore.
250 _a3a ed
264 1 _aSanto Domingo :
_bTaller,
_c1975.
300 _a2 volumen :
_bilustraciones ;
_c20 cm.
336 _2rdacontent
_atexto
_btxt
337 _2rdamedia
_asin mediación
_bn
338 _2rdacarrier
_avolumen
_bnc
490 _aBiblioteca Taller
_v10
500 _aTraducido del inglés.
500 _a"Anexo memorandum relativo a la intervención del señor Benjamin Sumner Welles en República Dominicana presumiblemente escrito por José Ortega Frier"
590 _aInventariado, 2023/BT
651 0 _aRepública Dominicana --
_xHistoria --
_yOcupación norteamericana, 1916-1924
_91926
651 4 _aRepública Dominicana
_xRelaciones exteriores
_zEstados Unidos
_96308
651 4 _aEstados Unidos
_xRelaciones exteriores
_zRepública Dominicana
_96309
700 1 _aMoore, Manfredo A.,
_eprólogo y traducción
_931872
910 _aBtavárez
942 _2ddc
_cLBS1
999 _c26320
_d26320